| 000 | 01256nam a22002777a 4500 | ||
|---|---|---|---|
| 001 | TZ 0008 | ||
| 003 | gtcocun | ||
| 005 | 20250926164409.0 | ||
| 006 | a||||gr|||| 00| 0 | ||
| 007 | ta | ||
| 008 | 250926b1996 gt ||||| m||| 00| 0 eng d | ||
| 040 |
_agtcocun _bSPA _cgtcocun _eRDA |
||
| 041 | _aSPA TZ 0008 | ||
| 084 | _0TZ 0008 | ||
| 100 |
_aGuzmán del Cid, Mario Rene _eAutor |
||
| 245 |
_aEVALUACIÓN DE Streptococcus thermophillus Y Lactobacillus bulgaricus, COMO PROMOTORES DE RENDIMINETO EN POLLOS DE ENGORDE EN FASE DDE CRECIMIENTO Y CEBA./ _cMario Rene Guzmán del Cid. _hImpreso |
||
| 264 |
_aCobán, Alta Verapaz: _bUniversidad de San Carlos de Guatemala, Centro Universitario del Norte, Zootecnia _c1996 |
||
| 300 |
_a35 p.: _bIlustraciones, gráficas. _c28 cm; |
||
| 502 | _eTZ 0008 | ||
| 502 |
_aTesis de grado _bZootecnia, _cUniversidad de San Carlos de Guatemala, Centro Universitario del Norte, Zootecnia _d1996 _oTZ 0008 |
||
| 650 |
_2LEMB _aCobán Alta Verapaz. _xZootecnia _xRendimiento _xLactobacillus _xEficiencia _xGanancia de peso _xÍndice de conversión |
||
| 700 | _eAsesor | ||
| 856 |
_uSin archivo en línea. _zSin archivo en línea. |
||
| 942 |
_2ddc _cTES _iTZ 0008 _kClasificación _n0 _6TZ_0008_000000000000000 |
||
| 999 |
_c2151 _d2151 |
||